000 00968nam a2200229Ia 4500
001 19080
005 20260417170636.0
008 260306s9999||||xx |||||||||||||| ||und||
041 _aESP
082 _a658.8
_bK468
100 _aKotler, Philip,
_eAUT
245 0 _aFundamentos de marketing
260 _c2022
300 _axxvi, 652 páginas :
_c27 cm.
650 _aGEN
654 _aCAN
856 _uhttps://itmsp.museknowledge.com/UCSP?url=https://www.ebooks7-24.com:443/?il=16954&pg=1
_zVersión digital (2021)
856 _uhttps://0u213wx2b-y-https-ebooks7--24-com.itmsp.museknowledge.com/biblioteca.aspx
_zVéase además: Base de datos Ebook7-24
856 _uhttps://0u20fwx2f-y-https-research-ebsco-com.itmsp.museknowledge.com/c/qxo6us/search
_zVéase además: Base de datos EBSCOhost
856 _uhttps://0u20ywx2g-y-https-www-bibliotechnia-com-mx.itmsp.museknowledge.com/
_zVéase además: Base de datos BiblioTechnia
942 _cLIB
_dJUS
_fJUS
_2ddc
999 _c19080
_d19080